000 00607nam a22001937a 4500
005 20251108173253.0
008 250721s1999 xx 000 0 ara d
082 1 4 _a218.6/شما
100 1 _aأبو شمالة، مجدي عقيل
245 1 0 _aرسالة المسلمين في بلاد الغرب /
264 1 _aعمان :
_bدار الأمل للنشر والتوزيع،
_c1999.
300 _a302 ص
490 0 _aذخائر الجمعية
650 1 7 _aدفع المطاعن عن الاسلام
650 1 7 _aالغرب
650 1 7 _aالمسلمون
942 _2ddc
_cBK
999 _c100017
_d100017